Elektronické podávanie dokumentov a súvisiace povinnosti
Elektronické podávanie dokumentov a správca daní. Dokumenty, ktoré sa môžu podávať elektronicky. Elektronické doručovanie dokumentov prostredníctvom zaručeného elektronického podpisu a prostredníctvom písomnej dohody so správcom dane. Elektronické colné konanie. Sociálna poisťovňa a elektronická fo...
Enregistré dans:
| Auteur principal: | |
|---|---|
| Format: | Chapitre de livre |
| Langue: | slovaque |
| Sujets: | |
| Tags: |
Pas de tags, Soyez le premier à ajouter un tag!
|
MARC
| LEADER | 00000naa$a2200000$$$4500 | ||
|---|---|---|---|
| 001 | 0035206 | ||
| 005 | 20231109113932.9 | ||
| 041 | 0 | |a slo | |
| 044 | |a SK | ||
| 245 | 1 | 0 | |a Elektronické podávanie dokumentov a súvisiace povinnosti |c Dušan Dobšovič |
| 520 | |a Elektronické podávanie dokumentov a správca daní. Dokumenty, ktoré sa môžu podávať elektronicky. Elektronické doručovanie dokumentov prostredníctvom zaručeného elektronického podpisu a prostredníctvom písomnej dohody so správcom dane. Elektronické colné konanie. Sociálna poisťovňa a elektronická forma doručovania dokumentov. Zdravotné poisťovne a elektronická forma podávania výkazov o preddavkoch na poistné. | ||
| 610 | 2 | 0 | |a dokumenty elektronické |
| 610 | 2 | 0 | |a správa daňová |
| 610 | 2 | 0 | |a správa colná |
| 610 | 2 | 0 | |a podpis elektronický |
| 610 | 2 | 0 | |a poisťovne sociálne |
| 610 | 2 | 0 | |a konanie colné |
| 610 | 2 | 0 | |a konanie daňové |
| 610 | 2 | 0 | |a poisťovne zdravotné |
| 100 | 1 | |a Dobšovič, Dušan | |